000 00843nam a2200229 i 4500
001 21612
003 ES-MaACL
005 20250716001630.0
007 t|
008 021126s1879 sp f ||||1|dspa d
080 _a37 Fröbel, Friedrich
080 _a372.3.02
100 1 _aGarcía, Pedro de Alcántara,
_d1842-1906
_954086
245 1 0 _aManual teórico de educación de párvulos según el método de los Jardines de la Infancia de Fr. Froebel /
_cpor Pedro de Alcántara García.
260 _aMadrid :
_bColegio Nacional de Sordo-Mudos,
_c1879.
300 _aXXII, 362 p., 38 lám. ;
_c24 cm.
600 1 4 _aFröbel, Friedrich.
_952708
650 4 _aEnseñanza preescolar.
_9151770
710 2 _aColegio Nacional de Sordo-Mudos y de Ciegos de Madrid.
_92940
852 _aES-MaACL
_jF-11586
999 _c21612
_d21612